[Event "ODEM U25B 2013"]
[Site "Oberhof GER"]
[Date "2013.05.21"]
[Round "4"]
[White "Mönster, Michel"]
[Black "Kalina, Joshua"]
[Result "1-0"]
[Termination "normal"]
[Board "26"]
[WhiteElo "1310"]
[BlackElo "1021"]
[PlyCount "35"]
[WhiteFideId "12947164"]
[EventCountry "GER"]
[EventRounds "9"]
[EventType "swiss"]
[EventDate "2013.05.18"]

1. e4 e5 2. d4 exd4 3. c3 Nf6 4. e5 Qe7 5. cxd4 d5 6. Nf3 Nc6 7. Be2 Ne4 8. Nc3
Bf5 9. Nxd5 Qd7 10. Nc3 Bb4 11. Bd2 Nxd4 12. Nxe4 Bxd2+ 13. Nfxd2 O-O-O 14. O-O
Qd5 15. Ng3 Qxe5 16. Nxf5 Qxf5 17. Bg4 Nf3+ 18. Qxf3 1-0

[Event "ODEM U25B 2013"]
[Site "Oberhof GER"]
[Date "2013.05.21"]
[Round "4"]
[White "Hacklinger, Leon"]
[Black "Grund, Melanie"]
[Result "0-1"]
[Termination "normal"]
[Board "28"]
[WhiteElo "1008"]
[BlackElo "1186"]
[PlyCount "110"]
[WhiteFideId "16205111"]
[BlackFideId "12988804"]
[EventCountry "GER"]
[EventRounds "9"]
[EventType "swiss"]
[EventDate "2013.05.18"]

1. e4 c5 2. Nc3 Nc6 3. Bc4 g6 4. Nf3 Bg7 5. O-O e6 6. Re1 Nge7 7. e5 O-O 8. d3
Nf5 9. Bg5 Qc7 10. Bf6 d6 11. Bxg7 Kxg7 12. exd6 Nxd6 13. Qe2 Nxc4 14. dxc4 b6
15. Rad1 Bb7 16. Nb5 Qb8 17. Nd6 Rd8 18. Ne4 Rxd1 19. Rxd1 Qc7 20. Qe3 f6 21.
Qc3 Ne5 22. Nxe5 fxe5 23. Ng5 Kf6 24. Nf3 Rf8 25. Re1 Bxf3 26. Qxf3+ Kg7 27.
Qc3 Kf6 28. Qf3+ Kg7 29. Qg3 Kf6 30. Qh4+ Kg7 31. Re3 Qd8 32. Qe4 Qd4 33. Qxe5+
Qxe5 34. Rxe5 Rd8 35. h3 Rd2 36. Rxe6 Rxc2 37. Re7+ Kh6 38. Rxa7 Rxb2 39. Rb7
Rxa2 40. Rxb6 Ra4 41. Rb7 Rxc4 42. g4 Rc1+ 43. Kg2 Rd1 44. h4 c4 45. Kg3 Rd3+
46. f3 g5 47. Rb6+ Kg7 48. hxg5 c3 49. Rb3 c2 50. Rxd3 c1=Q 51. Rd7+ Kf8 52.
Rxh7 Qg1+ 53. Kf4 Qc1+ 54. Kf5 Qc2+ 55. Kf6 Qxh7 0-1

[Event "ODEM U25B 2013"]
[Site "Oberhof GER"]
[Date "2013.05.21"]
[Round "4"]
[White "Bergauz, Igal"]
[Black "Arnold, Alexandria"]
[Result "0-1"]
[Termination "normal"]
[Board "29"]
[WhiteElo "1184"]
[BlackElo "999"]
[PlyCount "36"]
[WhiteFideId "12977284"]
[BlackFideId "16205383"]
[EventCountry "GER"]
[EventRounds "9"]
[EventType "swiss"]
[EventDate "2013.05.18"]

1. e4 e5 2. Nf3 Nc6 3. d4 exd4 4. Nxd4 Qh4 5. Nc3 Bb4 6. Nde2 Qxe4 7. Bd2 Bxc3
8. Bxc3 Nf6 9. Qd2 d6 10. O-O-O Qe6 11. Kb1 Ne4 12. Qe3 O-O 13. h4 a5 14. h5 h6
15. Nd4 Qd5 16. Rh4 Bf5 17. g4 Be6 18. f4 Qxa2+ 0-1

[Event "ODEM U25B 2013"]
[Site "Oberhof GER"]
[Date "2013.05.21"]
[Round "4"]
[White "Berg, Robert"]
[Black "Lilienthal, Niels Bennett"]
[Result "1-0"]
[Termination "normal"]
[Board "30"]
[WhiteElo "1174"]
[BlackElo "983"]
[PlyCount "47"]
[BlackFideId "16205421"]
[EventCountry "GER"]
[EventRounds "9"]
[EventType "swiss"]
[EventDate "2013.05.18"]

1. d4 d5 2. Nf3 Nf6 3. e3 Bf5 4. Bd3 Bg6 5. O-O e6 6. Nbd2 Nbd7 7. Re1 c5 8.
Bxg6 fxg6 9. c3 Bd6 10. Qc2 O-O 11. e4 e5 12. exd5 exd4 13. cxd4 cxd4 14. Nxd4
Nxd5 15. Qb3 N7b6 16. N2f3 Qd7 17. Be3 Kh8 18. Nb5 Nxe3 19. Rxe3 Rfe8 20. Rd3
Re6 21. Nc7 Qxc7 22. Qxe6 Rd8 23. Rad1 Nc8 24. Ne5 1-0

[Event "ODEM U25B 2013"]
[Site "Oberhof GER"]
[Date "2013.05.21"]
[Round "4"]
[White "Riehle, Fabio"]
[Black "Grimm, Nicola Marie"]
[Result "1-0"]
[Termination "normal"]
[Board "32"]
[WhiteElo "1167"]
[BlackElo "967"]
[PlyCount "103"]
[WhiteFideId "36052140"]
[BlackFideId "12988987"]
[EventCountry "GER"]
[EventRounds "9"]
[EventType "swiss"]
[EventDate "2013.05.18"]

1. e4 d5 2. exd5 Qxd5 3. Nc3 Qa5 4. d4 c6 5. Bc4 Bf5 6. Nf3 Nf6 7. Bd2 Qc7 8.
O-O e6 9. Ne5 Bd6 10. Re1 Nbd7 11. Bf4 Qa5 12. Qf3 Qb6 13. Nxd7 Nxd7 14. Bxd6
Qxd4 15. Qxf5 Qxd6 16. Rad1 Qe7 17. Bxe6 O-O 18. Bxd7 Qb4 19. Re3 Rad8 20. Rde1
g6 21. Qg4 Qxb2 22. Bf5 Qb6 23. Rg3 Rd2 24. Ne4 Re8 25. Nf6+ Kg7 26. Nxe8+ Kf8
27. Rf3 Re2 28. Re3 Rxe3 29. fxe3 Qd8 30. Qd4 Qxd4 31. exd4 b5 32. Bd7 a5 33.
Bxc6 b4 34. Re3 a4 35. Rh3 b3 36. Nf6 Kg7 37. Ne4 b2 38. Nd2 Kf6 39. d5 Ke5 40.
Rd3 Kd6 41. Nc4+ Kc7 42. Nxb2 f5 43. d6+ Kd8 44. Nc4 h5 45. Ne5 g5 46. Nf7+ Kc8
47. Re3 Kb8 48. Re7 f4 49. Rb7+ Ka8 50. Ne5 f3 51. Nc4 f2+ 52. Kf1 1-0

[Event "ODEM U25B 2013"]
[Site "Oberhof GER"]
[Date "2013.05.21"]
[Round "4"]
[White "Weiten, Anna"]
[Black "Vuckovic, Robert"]
[Result "0-1"]
[Termination "normal"]
[Board "33"]
[WhiteElo "1143"]
[BlackElo "944"]
[PlyCount "100"]
[WhiteFideId "12938203"]
[BlackFideId "12998680"]
[EventCountry "GER"]
[EventRounds "9"]
[EventType "swiss"]
[EventDate "2013.05.18"]

1. e4 e6 2. d4 d5 3. Nd2 dxe4 4. Nxe4 Nd7 5. Bd3 Ngf6 6. Nxf6+ Nxf6 7. Nf3 Be7
8. Bf4 O-O 9. Qd2 b6 10. O-O-O a5 11. h3 Bb7 12. Qe2 Kh8 13. Rhg1 Bxf3 14. Qxf3
Nd5 15. Be5 Bd6 16. Qh5 f5 17. Bc4 Bxe5 18. dxe5 c6 19. g4 b5 20. Bd3 Nf4 21.
Bxb5 Qxd1+ 22. Rxd1 Nxh5 23. Bxc6 Rac8 24. Bd7 Rcd8 25. gxh5 h6 26. f4 Kh7 27.
Rd6 g6 28. hxg6+ Kxg6 29. Bxe6 Rxd6 30. exd6 Rd8 31. d7 Kf6 32. Bc4 Rxd7 33.
Bd3 Rd4 34. h4 Rxf4 35. h5 Rh4 36. Be2 f4 37. Kd2 Ke5 38. Kd3 Rh3+ 39. Kd2 Rh2
40. a3 f3 41. Ke1 Rxe2+ 42. Kf1 Ke4 43. b4 axb4 44. axb4 Ke3 45. b5 f2 46. b6
Re1+ 47. Kg2 f1=Q+ 48. Kg3 Qf4+ 49. Kg2 Qf3+ 50. Kh2 Rh1# 0-1

[Event "ODEM U25B 2013"]
[Site "Oberhof GER"]
[Date "2013.05.21"]
[Round "4"]
[White "Uhlmann, Marie"]
[Black "Bajorski, Marius"]
[Result "0-1"]
[Termination "normal"]
[Board "34"]
[WhiteElo "943"]
[BlackElo "1136"]
[PlyCount "92"]
[WhiteFideId "12980340"]
[BlackFideId "12938831"]
[EventCountry "GER"]
[EventRounds "9"]
[EventType "swiss"]
[EventDate "2013.05.18"]

1. c4 c5 2. Nc3 e6 3. d3 a6 4. g3 Qc7 5. Bg2 Nf6 6. Nf3 b6 7. O-O Bb7 8. Bd2 d6
9. a3 Nbd7 10. b4 Be7 11. Qb3 O-O 12. b5 a5 13. a4 Rfe8 14. Rfe1 Rac8 15. Qb2
Bf8 16. Ra2 d5 17. cxd5 Nxd5 18. e4 Nb4 19. Raa1 Nxd3 20. Qb3 Nxe1 21. Rxe1
Rcd8 22. Bf4 Qc8 23. e5 h6 24. Qb1 Qa8 25. Re3 Bxf3 26. Bxf3 Qa7 27. Re1 Be7
28. Bc6 Rf8 29. Be4 Bg5 30. Bh7+ Kh8 31. Ne2 g6 32. Bxg6 fxg6 33. Qxg6 Rg8 34.
Qf7 Rdf8 35. Qh5 Kh7 36. h4 Bxf4 37. Kh1 Bxe5 38. Rg1 Rxf2 39. Rg2 Rxg2 40.
Kxg2 Qb7+ 41. Kh2 Nf6 42. Qxe5 Ng4+ 43. Kg1 Nxe5 44. Kh2 Nf3+ 45. Kh3 Ng1+ 46.
Nxg1 Qh1# 0-1

[Event "ODEM U25B 2013"]
[Site "Oberhof GER"]
[Date "2013.05.21"]
[Round "4"]
[White "Wiemann, Daniel"]
[Black "Ziegenfuß, Larissa"]
[Result "1-0"]
[Termination "normal"]
[Board "36"]
[WhiteElo "1457"]
[BlackElo "923"]
[PlyCount "87"]
[WhiteFideId "12942944"]
[BlackFideId "12974722"]
[EventCountry "GER"]
[EventRounds "9"]
[EventType "swiss"]
[EventDate "2013.05.18"]

1. e4 e5 2. Nf3 d6 3. c3 Qe7 4. Bc4 Nc6 5. O-O g6 6. d4 Bg7 7. Na3 Nf6 8. Bd5
Nd7 9. b3 h6 10. Nb5 Qd8 11. Bb2 O-O 12. a4 a6 13. Na3 Nb6 14. Nc4 Nxc4 15.
Bxc4 Bd7 16. Bd5 Re8 17. b4 Rb8 18. b5 Ne7 19. c4 Nxd5 20. exd5 Bg4 21. h3 Bf5
22. Re1 exd4 23. Bxd4 Be4 24. Bxg7 Kxg7 25. Qd4+ Kg8 26. Rxe4 Rxe4 27. Qxe4 Qf6
28. Qd4 Qe7 29. Rb1 c6 30. bxc6 Rc8 31. Rxb7 Qd8 32. Qf4 Qf8 33. c7 Kg7 34.
Qd4+ Kg8 35. Qb6 Qe7 36. Rb8 Qf8 37. Rxc8 Qxc8 38. Qb8 Qxb8 39. cxb8=Q+ Kg7 40.
Qxd6 Kh7 41. Ne5 Kg7 42. Qe7 Kg8 43. Qxf7+ Kh8 44. Nxg6# 1-0

[Event "ODEM U25B 2013"]
[Site "Oberhof GER"]
[Date "2013.05.21"]
[Round "4"]
[White "Lange, Cecilia"]
[Black "Schulze, Lukas"]
[Result "1-0"]
[Termination "normal"]
[Board "37"]
[WhiteElo "1116"]
[BlackElo "858"]
[PlyCount "63"]
[WhiteFideId "12976040"]
[BlackFideId "12956856"]
[EventCountry "GER"]
[EventRounds "9"]
[EventType "swiss"]
[EventDate "2013.05.18"]

1. e4 e6 2. d4 d5 3. exd5 exd5 4. Nf3 Nc6 5. c3 Bg4 6. h3 Bf5 7. Bd3 Qe7+ 8.
Be3 Be6 9. Nbd2 O-O-O 10. Qc2 Nf6 11. Bg5 Bxh3+ 12. Be3 Bxg2 13. Bf5+ Kb8 14.
Rh2 Bxf3 15. Nxf3 g6 16. Bd3 Ng4 17. Rg2 Nxe3 18. fxe3 Qxe3+ 19. Be2 Re8 20.
Ng1 Bh6 21. Kf1 Bg5 22. Rf2 Bf4 23. Rf3 Qe4 24. Qxe4 Rxe4 25. Bd3 Re3 26. Rxf4
Rxd3 27. Rxf7 h5 28. Rg7 Rf8+ 29. Ke2 Rg3 30. Rf1 Rxf1 31. Rg8+ Nd8 32. Rxd8#
1-0

[Event "ODEM U25B 2013"]
[Site "Oberhof GER"]
[Date "2013.05.21"]
[Round "4"]
[White "Matuschak, Henry"]
[Black "Riedel, Adelheid"]
[Result "1-0"]
[Termination "normal"]
[Board "38"]
[WhiteElo "1082"]
[BlackElo "846"]
[PlyCount "41"]
[EventCountry "GER"]
[EventRounds "9"]
[EventType "swiss"]
[EventDate "2013.05.18"]

1. e4 e5 2. Nf3 Nc6 3. Nc3 Bc5 4. Bb5 Nf6 5. O-O d6 6. d3 Bg4 7. Bxc6+ bxc6 8.
Bg5 O-O 9. h3 Bh5 10. Na4 h6 11. Bh4 g5 12. Nxc5 dxc5 13. Bg3 Nh7 14. Bxe5 Re8
15. g4 f6 16. Bc3 Qd7 17. Nh2 Nf8 18. Qf3 Qe6 19. gxh5 Qd6 20. Qxf6 Re6 21.
Qg7# 1-0

[Event "ODEM U25B 2013"]
[Site "Oberhof GER"]
[Date "2013.05.21"]
[Round "4"]
[White "Kung, Fanny"]
[Black "Reuker, Ronja"]
[Result "0-1"]
[Termination "normal"]
[Board "39"]
[WhiteElo "1052"]
[BlackElo "870"]
[PlyCount "132"]
[WhiteFideId "12987689"]
[BlackFideId "12947172"]
[EventCountry "GER"]
[EventRounds "9"]
[EventType "swiss"]
[EventDate "2013.05.18"]

1. e4 e5 2. Nf3 Nc6 3. Bc4 Nf6 4. Ng5 d5 5. exd5 b5 6. Bxb5 Qxd5 7. Ba4 Qxg2 8.
Bxc6+ Qxc6 9. Rg1 Bf5 10. Nc3 Bc5 11. Rf1 Qg2 12. Qf3 Qxf3 13. Nxf3 e4 14. Ng5
h6 15. Ngxe4 Nxe4 16. Nb5 Bb6 17. d4 c6 18. Na3 Bxd4 19. c3 Bh3 20. cxd4 Bxf1
21. Kxf1 O-O-O 22. Be3 Rhe8 23. Rc1 Kc7 24. Bf4+ Kb6 25. b4 Kb7 26. b5 cxb5 27.
Nxb5 a6 28. Rc7+ Kb6 29. Na3 Rxd4 30. Rxf7 Nc3 31. Be3 Rxe3 32. fxe3 Rg4 33.
Kf2 Nxa2 34. Kf3 Ra4 35. Nc2 Rh4 36. e4 Rxh2 37. Rxg7 Rxc2 38. e5 Rc6 39. Re7
Nb4 40. Re8 Kc7 41. e6 Kd6 42. Kf4 Rc5 43. Kg4 Re5 44. Kf4 Rxe6 45. Rd8+ Kc5
46. Rc8+ Rc6 47. Rxc6+ Kxc6 48. Kg4 a5 49. Kh5 a4 50. Kxh6 a3 51. Kg5 a2 52.
Kf4 a1=Q 53. Ke4 Qa5 54. Kd4 Qc5+ 55. Ke4 Qd5+ 56. Kf4 Kd6 57. Kg4 Qe5 58. Kh4
Qf5 59. Kg3 Ke5 60. Kh4 Ke4 61. Kg3 Qf4+ 62. Kh3 Ke3 63. Kg2 Qf3+ 64. Kh2 Qg4
65. Kh1 Kf2 66. Kh2 Qg2# 0-1

[Event "ODEM U25B 2013"]
[Site "Oberhof GER"]
[Date "2013.05.21"]
[Round "4"]
[White "Pahl, Theis"]
[Black "Zimmer, Luca"]
[Result "0-1"]
[Termination "normal"]
[Board "40"]
[WhiteElo "839"]
[BlackElo "1049"]
[PlyCount "84"]
[WhiteFideId "16201264"]
[BlackFideId "12921424"]
[EventCountry "GER"]
[EventRounds "9"]
[EventType "swiss"]
[EventDate "2013.05.18"]

1. e4 e6 2. d4 d5 3. exd5 exd5 4. Bd3 Bd6 5. Nf3 Nc6 6. Nc3 Nge7 7. O-O Bg4 8.
Be3 Qd7 9. Qe2 O-O-O 10. Nb1 f5 11. c3 Rde8 12. Bc1 Ng6 13. Qd1 Nh4 14. Nbd2
Nd8 15. Be2 Ng6 16. Re1 Nf4 17. Bf1 Rxe1 18. Qxe1 Re8 19. Qd1 Nf7 20. h4 h6 21.
Nb3 g5 22. hxg5 Nxg5 23. Nbd2 Re7 24. g3 Nfh3+ 25. Bxh3 Nxh3+ 26. Kg2 Qe8 27.
b3 Re2 28. Qf1 Rxf2+ 29. Qxf2 Nxf2 30. Kxf2 f4 31. Nf1 fxg3+ 32. Nxg3 Bxf3 33.
Kxf3 Bxg3 34. Kxg3 Qe1+ 35. Kf4 Qd1 36. Kf5 h5 37. Kg5 Qh1 38. a4 h4 39. Kg4 h3
40. Kh4 h2 41. Bb2 Qe4+ 42. Kg3 h1=Q 0-1

[Event "ODEM U25B 2013"]
[Site "Oberhof GER"]
[Date "2013.05.21"]
[Round "4"]
[White "Kurzweil, Nalani"]
[Black "Karge, Ole Jannes"]
[Result "1-0"]
[Termination "normal"]
[Board "41"]
[WhiteElo "917"]
[BlackElo "1471"]
[PlyCount "103"]
[WhiteFideId "12985694"]
[BlackFideId "12957267"]
[EventCountry "GER"]
[EventRounds "9"]
[EventType "swiss"]
[EventDate "2013.05.18"]

1. e4 c5 2. Nf3 d6 3. d4 cxd4 4. Qxd4 Nc6 5. Bb5 Bd7 6. Bxc6 Bxc6 7. Nc3 Nf6 8.
Bg5 h6 9. Bxf6 exf6 10. O-O Be7 11. Rad1 O-O 12. Rfe1 Qa5 13. b4 Qh5 14. Nd5
Bxd5 15. Qxd5 Qxd5 16. exd5 Rfe8 17. Nd4 g6 18. Nb5 Rac8 19. Nxa7 Rxc2 20. a3
Kf8 21. Nb5 f5 22. g3 Rec8 23. Re3 R8c4 24. Rde1 Rc1 25. Rxe7 Rxe1+ 26. Rxe1
Rc2 27. Nxd6 Rd2 28. Nxb7 Rxd5 29. Ra1 Rb5 30. Nd6 Rd5 31. Nc4 Rd4 32. Ne3 f4
33. gxf4 Rxf4 34. a4 Rxb4 35. a5 Rb8 36. a6 Ra8 37. a7 Ke7 38. Nd5+ Kd6 39. Nb6
Re8 40. a8=Q Rxa8 41. Rxa8 Kc7 42. Nd5+ Kd6 43. Ne3 Ke5 44. Ra4 f5 45. f4+ Kf6
46. h4 g5 47. h5 gxf4 48. Rxf4 Ke5 49. Rc4 f4 50. Ng4+ Kf5 51. Nxh6+ Kg5 52.
Nf7+ 1-0

[Event "ODEM U25B 2013"]
[Site "Oberhof GER"]
[Date "2013.05.21"]
[Round "4"]
[White "Granzin, Mina"]
[Black "Breitzmann, Thorge"]
[Result "0-1"]
[Termination "normal"]
[Board "42"]
[WhiteElo "857"]
[BlackElo "1000"]
[PlyCount "116"]
[EventCountry "GER"]
[EventRounds "9"]
[EventType "swiss"]
[EventDate "2013.05.18"]

1. e4 e5 2. Nf3 Nc6 3. Bb5 Bc5 4. O-O Nf6 5. d3 O-O 6. Bg5 d6 7. Nc3 Be6 8. Na4
Bb6 9. Nxb6 axb6 10. Qb1 Qe7 11. a3 Nd4 12. Nxd4 exd4 13. c3 c6 14. Bc4 dxc3
15. Bxe6 cxb2 16. Qxb2 fxe6 17. Qxb6 Ra6 18. Qd4 e5 19. Qb2 b5 20. Qb3+ Kh8 21.
a4 Qa7 22. Bxf6 Rxf6 23. Qb4 Rxa4 24. Rxa4 Qxa4 25. Qc3 b4 26. Qa1 Qxa1 27.
Rxa1 Kg8 28. Rc1 c5 29. f3 Rf7 30. Rf1 Rd7 31. g3 d5 32. f4 dxe4 33. fxe5 exd3
34. e6 Re7 35. Rd1 Rxe6 36. Rxd3 c4 37. Rd4 c3 38. Rxb4 c2 39. Rc4 Re1+ 40. Kf2
c1=Q 41. Rxc1 Rxc1 42. h3 Rc2+ 43. Kf3 h5 44. g4 hxg4+ 45. hxg4 g5 46. Ke4 Rc4+
47. Kf3 Kf7 48. Kg3 Rc3+ 49. Kf2 Ke6 50. Ke2 Ke5 51. Kd2 Rg3 52. Ke2 Rxg4 53.
Kf3 Ra4 54. Ke3 Ra3+ 55. Kf2 Ke4 56. Kf1 Ke3 57. Kg1 Kf3 58. Kf1 Ra1# 0-1

[Event "ODEM U25B 2013"]
[Site "Oberhof GER"]
[Date "2013.05.21"]
[Round "4"]
[White "Chung, Nicholas"]
[Black "Zell, Mirjam"]
[Result "1-0"]
[Termination "normal"]
[Board "43"]
[WhiteElo "946"]
[BlackElo "820"]
[PlyCount "89"]
[BlackFideId "16208544"]
[EventCountry "GER"]
[EventRounds "9"]
[EventType "swiss"]
[EventDate "2013.05.18"]

1. e4 e5 2. Nf3 Nf6 3. Nc3 Nc6 4. Bc4 Bc5 5. d3 d6 6. Bg5 h6 7. Bh4 Bg4 8. h3
Bh5 9. Qd2 Qd7 10. g4 Bg6 11. O-O-O Nb4 12. a3 Na6 13. Rhe1 O-O 14. d4 exd4 15.
Nxd4 Rae8 16. f3 c6 17. Bxf6 gxf6 18. Qxh6 d5 19. exd5 Rxe1 20. Rxe1 Bxd4 21.
dxc6 Qxc6 22. Qxg6+ Kh8 23. Bxf7 Rxf7 24. Qxf7 Nc7 25. Re7 Be3+ 26. Rxe3 f5 27.
gxf5 Qh6 28. Kd2 Qxh3 29. Qxc7 Qh6 30. Kd3 Qa6+ 31. Qc4 Qd6+ 32. Qd4+ Qxd4+ 33.
Kxd4 Kg7 34. Re7+ Kf6 35. Rxb7 a6 36. Nd5+ Kxf5 37. Re7 a5 38. a4 Kg6 39. Ke5
Kg5 40. Rg7+ Kh4 41. Kf4 Kh3 42. Rg4 Kh2 43. Ke3 Kh3 44. Kf2 Kh2 45. Rh4# 1-0

[Event "ODEM U25B 2013"]
[Site "Oberhof GER"]
[Date "2013.05.21"]
[Round "4"]
[White "Reichel, Sara"]
[Black "Bossert, Moritz"]
[Result "0-1"]
[Termination "normal"]
[Board "46"]
[WhiteElo "683"]
[BlackElo "879"]
[PlyCount "50"]
[WhiteFideId "16245130"]
[BlackFideId "16239946"]
[EventCountry "GER"]
[EventRounds "9"]
[EventType "swiss"]
[EventDate "2013.05.18"]

1. d4 d5 2. e3 Bf5 3. c3 Nf6 4. Nd2 e6 5. Be2 Bd6 6. f4 Ne4 7. Nxe4 Bxe4 8. Nf3
Nc6 9. O-O O-O 10. Rf2 Ne7 11. Bf1 b6 12. Nd2 c5 13. Nxe4 dxe4 14. Qh5 g6 15.
Qh6 Nf5 16. Qh3 h6 17. dxc5 bxc5 18. b4 cxb4 19. cxb4 Bxb4 20. Bb2 Qa5 21. Bd3
exd3 22. Qf3 Be1 23. Qc6 Bxf2+ 24. Kxf2 Qd2+ 25. Kf3 Qxe3+ 0-1